<?xml version="1.0" encoding="UTF-8"?>
<marc:record xmlns:marc="http://www.loc.gov/MARC21/slim">
   <marc:leader>00000nam a2200000 a 4500</marc:leader>
   <marc:datafield ind1="1" ind2=" " tag="100">
      <marc:subfield code="a">Berti, Hans-Peter</marc:subfield>
      <marc:subfield code="4">aut</marc:subfield>
      <marc:subfield code="e">Verfasser/-in</marc:subfield>
   </marc:datafield>
   <marc:datafield ind1=" " ind2=" " tag="653">
      <marc:subfield code="a">Feng-Shui</marc:subfield>
   </marc:datafield>
   <marc:datafield ind1=" " ind2=" " tag="653">
      <marc:subfield code="a">Softcover</marc:subfield>
   </marc:datafield>
   <marc:datafield ind1=" " ind2=" " tag="653">
      <marc:subfield code="a">Karte</marc:subfield>
   </marc:datafield>
   <marc:datafield ind1=" " ind2=" " tag="653">
      <marc:subfield code="a">Trinken / Länderküchen</marc:subfield>
   </marc:datafield>
   <marc:datafield ind1=" " ind2=" " tag="653">
      <marc:subfield code="a">Regionalküchen</marc:subfield>
   </marc:datafield>
   <marc:datafield ind1=" " ind2=" " tag="653">
      <marc:subfield code="a">Kochbuch</marc:subfield>
   </marc:datafield>
   <marc:datafield ind1="0" ind2="0" tag="245">
      <marc:subfield code="a">Das große Buch der Feng-Shui-Küche</marc:subfield>
   </marc:datafield>
   <marc:datafield ind1="0" ind2="0" tag="245">
      <marc:subfield code="b">so kocht das Leben ; alles was Sie über die Fünf-Elemente-Feng-Shui-Küche und grundlegende Gesetzmäßigkeiten der Natur wissen müssen ; das erste Buch zum Thema Fünf-Elemente-Feng-Shui-Küche von einem Meisterkoch ; Grundlagenwerk: Theorie und Praxis mit um</marc:subfield>
   </marc:datafield>
   <marc:datafield ind1="0" ind2="0" tag="245">
      <marc:subfield code="c">Hans-Peter Berti</marc:subfield>
   </marc:datafield>
   <marc:datafield ind1=" " ind2="1" tag="264">
      <marc:subfield code="a">Peiting</marc:subfield>
      <marc:subfield code="b">Michaels</marc:subfield>
      <marc:subfield code="c">2005</marc:subfield>
   </marc:datafield>
   <marc:datafield ind1=" " ind2=" " tag="250">
      <marc:subfield code="a">1. Aufl.</marc:subfield>
   </marc:datafield>
   <marc:datafield ind1="1" ind2=" " tag="520">
      <marc:subfield code="a">Dieses Werk als Kochbuch zu bezeichnen, ist eigentlich Understatement der Extraklasse. In Wahrheit ist dieses "Kochbuch" gleichzeitig ein einzigartiges Lebenskundebuch. Der Leser wird in erstaunlicher Weise an eine ganzheitliche Sicht der Dinge herangeführt. Die alte Weisheit, daß Kochen Leib und Seele zusammenhält, wird jedenfalls um eine zusätzliche Dimension erweitert. Berti beweist, daß die Fünf Elemente Feng Shui Küche absolut nichts mit chinesischer Küche im landläufigem Sinne zu tun hat. Ganz im Gegenteil, ein wesentlicher Alpekt dieser Art zu Kochen ist, vorwiegend die Früchte, Gemüse und Naturprodukte der eigenen Klimazone, in der man lebt, zu verwenden.</marc:subfield>
   </marc:datafield>
   <marc:datafield ind1=" " ind2=" " tag="020">
      <marc:subfield code="a">9783895391712</marc:subfield>
      <marc:subfield code="9">9783895391712</marc:subfield>
   </marc:datafield>
   <marc:datafield ind1=" " ind2=" " tag="020">
      <marc:subfield code="a">3895391719</marc:subfield>
      <marc:subfield code="9">3895391719</marc:subfield>
   </marc:datafield>
   <marc:datafield ind1=" " ind2=" " tag="041">
      <marc:subfield code="a">ger</marc:subfield>
   </marc:datafield>
   <marc:datafield ind1=" " ind2=" " tag="300">
      <marc:subfield code="a">207 S.</marc:subfield>
   </marc:datafield>
</marc:record>
